| 000 | 00612nam a22001937a 4500 | ||
|---|---|---|---|
| 001 | 60071 | ||
| 008 | 090427s2009 xxe ||| |||| 00| 0 chi d | ||
| 020 |
_a9789866523236 (平裝) : _c贈書 |
||
| 041 | 0 | _achi | |
| 050 | _aBS1245.52 | ||
| 100 | 1 |
_a賴, 建國. _e著 |
|
| 245 | 1 | 0 |
_a解經、神學與牧會 : _b出埃及記的研究 / _c賴建國著. |
| 250 | _a初版. | ||
| 260 |
_a臺北市 : _b永望文化, _c2009. |
||
| 300 |
_a104p ; _c21cm _e+ 1CD 4 3/4 in. |
||
| 490 | 0 | _a路思義神學講座叢書系列 | |
| 630 |
_2lc _aBible. O.T. Exodus _xCriticism, interpretation, etc. |
||
| 942 |
_2lcc _cBK _e初版 |
||
| 999 |
_c39261 _d39261 |
||